Score 0/12 Timer 01:30
0 Plays Today
Santa % Correct
Fanta
81.8%
Manta
53%
Banter
39.9%
Canter
36.8%
Anta
26.3%
Panter
25.7%
Ranter
25.3%
Planter
17.4%
Chanter
16.6%
Slanter
13%
Ganter
11.5%
Shanter
9.9%
Remove Ads.
Support Sporcle.
Get the best of Sporcle when you Go Orange. This ad-free experience offers more features, more stats, and more fun while also helping to support Sporcle. Thank you for becoming a member.

You're not logged in!

Compare scores with friends on all Sporcle quizzes.
OR
Log In

Show Comments

Extras

Top Quizzes Today


Score Distribution

Your Account Isn't Verified!

In order to create a playlist on Sporcle, you need to verify the email address you used during registration. Go to your Sporcle Settings to finish the process.

Report this User

Report this user for behavior that violates our Community Guidelines.

Details: